Elementos de teología ; Sobre la providencia, el destino y el mal /

Bibliographic Details
Main Author: Proclus, approximately 410-485 (Author)
Other Authors: García Valverde, José Manuel (Editor)
Format: Electronic eBook
Language:Spanish
Greek, Ancient (to 1453)
Published: [Madrid] : Editorial Trotta, [2023]
Series:Clásicos de la cultura (Editorial Trotta)
Subjects:
Online Access:Digitalia Hispánica

MARC

LEADER 00000nam a2200000 i 4500
001 DIGTRO0268
003 NyNyDIG
007 cr |||||||||||
008 240123t20232017sp ob 000 0 spa d
006 m o d
035 |a (OCoLC)1407316712 
040 |a DGITA  |b eng  |e rda  |e pn  |c DGITA 
020 |a 9788413641683  |q (edición digital e-pub) 
020 |z 9788498796735 
041 1 |a spa  |h grc 
050 1 4 |a B701 ebook 
100 0 |a Proclus,  |d approximately 410-485,  |e author. 
245 1 0 |a Elementos de teología ;  |b Sobre la providencia, el destino y el mal /  |c Proclo ; edición y traducción de José Manuel García Valverde. 
264 1 |a [Madrid] :  |b Editorial Trotta,  |c [2023] 
264 4 |c ©2017 
300 |a 1 online resource. 
336 |a text  |b txt  |2 rdacontent 
337 |a computer  |b c  |2 rdamedia 
338 |a online resource  |b cr  |2 rdacarrier 
347 |a text file  |2 rdaft 
347 |b EPUB 
490 1 |a Clásicos de la cultura 
504 |a Includes bibliographical references. 
588 0 |a Online resource; title from ePub title page (Digitalia, viewed January 23, 2024) 
650 0 |a Neoplatonism  |v Early works to 1800. 
650 0 |a Theology  |v Early works to 1800. 
650 0 |a Providence and government of God  |v Early works to 1800. 
650 0 |a Fate and fatalism  |v Early works to 1800. 
650 0 |a Free will and determinism  |v Early works to 1800. 
700 1 |a García Valverde, José Manuel,  |e editor. 
700 0 2 |i Container of (expression):  |a Proclus,  |d approximately 410-485.  |t Elements of theology.  |l Spanish  |s (García Valverde) 
700 0 2 |i Container of (expression):  |a Proclus,  |d approximately 410-485.  |t De providentia et fato et eo quod in nobis.  |l Spanish  |s (García Valverde) 
740 0 2 |a Sobre la providencia, el destino y el mal 
791 2 |a Digitalia (Firm),  |e distributor. 
793 0 |g Digitalia eBook Collection:  |a Trotta Editorial 
776 0 8 |i Print version:  |a Proclus, approximately 410-485.  |t Elementos de teología.  |d Madrid : Editorial Trotta, [2017]  |z 9788498796735 
830 0 |a Clásicos de la cultura (Editorial Trotta) 
856 4 0 |3 Digitalia Hispánica  |u https://www.digitaliapublishing.com/a/131982/ 
910 |a Premium collection: 2024